01181nam a2200241Ia 4500001000900000003001000009008004100019040002500060041001300085100002000098245006100118250001100179260005700190300001200247500015700259501011400416520015700530650004000687942000700727957000600734999004100740952015800781L109-676IT-CnALBA170116s9999||||xx |||||||||||||| ||und|| aIT-CnALBAcIT-CnALBA aITALIANO aMICELI RICCARDO 0aCIVILTÀ E SISTEMI. LINEAMENTI DI STORIA DI FILOSOFIA.  a1a ed. aNAPOLIbMORANO ALBERTO EDITOREc1933 [1° Ed.: n.d.] a408 p.  aSTORIA DELLA FILOSOFIA. FILOSOFIA ANTICA. FILOSOFIA MEDIOEVALE. FILOSOFIA MODERNA: DAL RINASCIMENTO A ROUSEAU. KANT E L'IDEALISMO. EPOCA CONTEMPORANEA.  aSocietà San Paolo EM - Piazza San Paolo, 14 - 12051 ALBA (CN) (non commercial uses only) ® Copyright 2017 aSTORIA DELLA FILOSOFIA. FILOSOFIA ANTICA. FILOSOFIA MEDIOEVALE. FILOSOFIA MODERNA: DAL RINASCIMENTO A ROUSEAU. KANT E L'IDEALISMO. EPOCA CONTEMPORANEA.  aTRATTAZIONE STORICA DELLA FILOSOFIA cBK 71 a775bSI g Copie: 1 c259912d259912 0010406L_10967671aALBAbALBAd2017-01-16l0oL109-676r2017-01-16 00:00:00w2017-01-16yBKz(data import: 16 gennaio 2017) - By Epidotti, Vaglietti.